| 000 | 00560nam a22001697a 4500 | ||
|---|---|---|---|
| 003 | BD-DhUL | ||
| 005 | 20180129091850.0 | ||
| 008 | 180129s1306 ir ||||| |||| 00| 0 per d | ||
| 040 |
_aBD-DhUL _cBD-DhUL |
||
| 082 |
_a891.551 _bKAR |
||
| 100 | 0 | _aکمال الدین ابو العطاء محمود | |
| 245 | 1 |
_aروضۃ الا نوار / _cکمال الدین ابو العطاء محمود |
|
| 260 |
_aطہران : _bلالهزار کتابخانه، _c۱۳۰۶۔ |
||
| 300 |
_aص۔ ۱۰۰ ؛ _c۲۱ سم۔ |
||
| 650 | 0 | _aPersian poetry | |
| 942 |
_2ddc _cBK |
||
| 999 |
_c237538 _d237538 |
||